Βασική μηχανολογία Ι
Αποθηκεύτηκε σε:
| Άλλοι συγγραφείς: | , , , , |
|---|---|
| Μορφή: | Βιβλίο |
| Γλώσσα: | Greek German |
| Δημοσίευση: |
Αθήνα :
Ίων,
c2003.
|
| Έκδοση: | 2η εκδ. |
| Σειρά: | Βιβλιοθήκη του μηχανολόγου
|
| Θέματα: | |
| Ετικέτες: |
Προσθήκη ετικέτας
Δεν υπάρχουν, Καταχωρήστε ετικέτα πρώτοι!
|
MARC
| LEADER | 00000cam a2200000 i 4500 | ||
|---|---|---|---|
| 001 | 1/69839 | ||
| 008 | 050124s2003 gr | ||| |||| ||gre|| | ||
| 020 | |a 9603313742 (set) | ||
| 020 | |a 9603313750 (τ.1) | ||
| 035 | |l 10076053 | ||
| 040 | |a GR-MyUA |b gre |e AACR2 | ||
| 041 | 1 | |a gre |h ger | |
| 082 | 0 | |a 620.1 |2 (21) | |
| 245 | 1 | 0 | |a Βασική μηχανολογία Ι / |c Braun Herwig ... [κ.ά.]. ; επιμελητής-συντονιστής ομάδας Ulrich Fischer ; μετάφραση Μελέτης Βούλγαρης ; επιμέλεια Ανδρόνικος Φιλιός, Ιωάννης Βελαώρας. |
| 250 | |a 2η εκδ. | ||
| 260 | |a Αθήνα : |b Ίων, |c c2003. | ||
| 300 | |a 248 σ. : |b εικ. ; |c 29 εκ. | ||
| 490 | 1 | |a (Βιβλιοθήκη του μηχανολόγου) | |
| 500 | |a Έλεγχος μηκών, έλεγχος ποιότητας επιφανειών, ανοχές & συναρμογές, διαχείριση ποιότητας, μέθοδοι παραγωγής, χύτευση, διαμορφώσεις, τεμαχισμός, κοπτικά εργαλεία, κατεργασίες με εργαλειομηχανές, κοπή με θερμότητα, συναρμόσεις, επίστρωση. | ||
| 500 | |a Τίτλος πρωτοτύπου: Fachkunde metall. | ||
| 504 | |a Περιλαμβάνει ευρετήριο. | ||
| 650 | 0 | 0 | |a Mechanics, Applied. |
| 700 | 1 | |a Herwig, Braun. | |
| 700 | 1 | |a Fischer, Ulrich, |e edt | |
| 700 | 1 | |a Βούλγαρης, Μελέτιος Δ. |e trl | |
| 700 | 1 | |a Φιλιός, Ανδρόνικος, |e edt | |
| 700 | 1 | |a Βελαώρας, Ιωάννης Χ. |e edt | |
| 830 | 0 | |a Βιβλιοθήκη του μηχανολόγου | |
| 852 | |a INST |b CHIOS |e 20100906 |h 620.1 ΒΑΣ |p 005200031911 |q 005200031911 |t BK |y 0 | ||
| 852 | |a INST |b LEMNOS |e 20100129 |h 620.1 ΒΑΣ |p 005600000316 |q 005600000316 |t BK |y 0 | ||
| 852 | |a INST |b SAMOS |e 20091216 |h 620.1 ΒΑΣ |p 005300030993 |q 005300030993 |t BK |y 0 | ||
| 852 | |a INST |b SYROS |e 20050124 |h 620.1 ΒΑΣ |p 005500003676 |q 005500003676 |t BK |y 0 | ||
| 852 | |a INST |b SYROS |e 20050124 |h 620.1 ΒΑΣ |p 005500003677 |q 005500003677 |t BK |y 0 | ||
| 852 | |a INST |b SYROS |e 20050124 |h 620.1 ΒΑΣ |p 005500003678 |q 005500003678 |t BK |y 0 | ||
| 852 | |a INST |b SYROS |e 20050124 |h 620.1 ΒΑΣ |p 005500003679 |q 005500003679 |t BK |y 0 | ||
| 852 | |a INST |b SYROS |e 20050124 |h 620.1 ΒΑΣ |p 005500003680 |q 005500003680 |t BK |y 0 | ||
| 901 | |a BIBL3-2009-3 | ||
| 901 | |a BIBL5-2005-1 | ||
| 901 | |a BIBL6-2010-1 | ||
| 901 | |a BIBL2-2010-2 | ||
| 909 | |a Σ |b 158390 | ||
| 909 | |a Ε |b 116791 | ||
| 909 | |a Ε |b 116790 | ||
| 909 | |a Ε |b 116789 | ||
| 909 | |a Ε |b 116788 | ||
| 909 | |a Ε |b 116787 | ||
| 909 | |a Μ |b 159304 | ||
| 909 | |a Χ |b 148865 | ||
| 970 | |a ΚΟΝΤΟΥ |b ΠΑΡΑΣΚΕΥΗ |z 2005/01/24 | ||